Statistiken für Nennen Sie ein Land A-Z

Klicken Sie hier um das Quiz zu spielen!

Allgemein

  • Dieses Quiz wurde 58.402 mal gespielt
    (58.244 seit der letzten Aktualisierung)
  • Das Durchschnittsergebnis liegt bei 17 aus 22

Antworten auf der Karte

Die Antworten werden auf der Karte rot bzw. grün angezeigt, abhängig davon wie oft sie richtig erraten wurden.
Laden ...
HBYCGZJLDAUEKOPVSNMIFXQTRW
 

Antwortstatistiken

BuchstabeLand% Korrekt
BBahamas | Bahrain | Bangladesch | +14
97%
DDänemark | DR Kongo | Deutschland | +3
97%
AAfghanistan | Albanien | Algerien | +10
96%
FFidschi | Finnland | Frankreich | F.S. Mikronesien
94%
IIndien | Indonesien | Iran | +5
89%
GGabun | Gambia | Georgien | +6
86%
EEcuador | Elfenbeinküste | El Salvador | +2
83%
KKambodscha | Kamerun | Kanada | +12
81%
LLaos | Lettland | Lesotho | +6
81%
CChile | China | Costa Rica
80%
NNamibia | Nauru | Nepal | +8
80%
PPakistan | Palau | Panama | +6
79%
JJamaika | Japan | Jemen | Jordanien
77%
MMadagaskar | Malawi | Malaysia | +14
77%
SSt Kitts und Nevis | St Lucia | +27
76%
RRepublik Kongo | Ruanda | Rumänien | Russland
73%
TTaiwan | Tadschikistan | Tansania | +10
70%
UUganda | Ukraine | Ungarn | +2
66%
VVanuatu | Vatikanstadt | Venezuela | +4
64%
HHaiti | Honduras
63%
OOman | Österreich | Osttimor
61%
ZZentralafrikanische Republik | Zypern
58%

Verteilung der Resultate

Perzentil nach korrekt beantworteten Fragen

Anzahl Personen mit jedem Resultat

Ihre Resultats-Entwicklung

Sie haben dieses Quiz seit der letzten Aktualisierung nicht gespielt